Blackbird : (Registro nro. 4533)

Detalles MARC
000 -LEADER
fixed length control field 01226nam a2200253Ia 4500
003 - CONTROL NUMBER IDENTIFIER
control field OSt
005 - DATE AND TIME OF LATEST TRANSACTION
control field 20250521154644.0
008 - FIXED-LENGTH DATA ELEMENTS--GENERAL INFORMATION
fixed length control field 191128s2015 ck jr 000 f spa d
020 ## - INTERNATIONAL STANDARD BOOK NUMBER
International Standard Book Number 9789876129091
040 ## - CATALOGING SOURCE
Original cataloging agency CO-JMCR
Transcribing agency CO-JMCR
041 0# - LANGUAGE CODE
Language code of text/sound track or separate title spa
Language code of original eng
082 04 - DEWEY DECIMAL CLASSIFICATION NUMBER
Classification number J-N
Edition number CARb
100 1# - MAIN ENTRY--PERSONAL NAME
Personal name Carey, Anna,
Relator term autora
9 (RLIN) 1539
245 10 - TITLE STATEMENT
Title Blackbird :
Remainder of title perseguida /
Statement of responsibility, etc. Anna Carey ; traducción, Roxanna Erdman
260 ## - PUBLICATION, DISTRIBUTION, ETC.
Place of publication, distribution, etc. Buenos Aires :
Name of publisher, distributor, etc. V&R Editoras,
Date of publication, distribution, etc. 2015
300 ## - PHYSICAL DESCRIPTION
Extent 231 páginas ;
Dimensions 21 cm.
520 ## - SUMMARY, ETC.
Summary, etc. Te despiertas en las vías del metro de los Ángeles, sin recordar nada. Tienes una mochila con ropa, mil dólares, un número de teléfono y una orden muy clara: no llames a la policía. Mientras intentas descifrar tu identidad, te haces preguntas. ¿Cómo te llamas? ¿Porqué estás ahí? ¿Qué significa el tatuaje en tu muñeca con un pájaro negro y el código FNV02198? La única verdad es que están persiguiéndote para matarte. No tienes opción. Debes escapar. Y rápido...
534 ## - ORIGINAL VERSION NOTE
Introductory phrase Blackbird
546 ## - LANGUAGE NOTE
Language note Traducido del inglés
650 14 - SUBJECT ADDED ENTRY--TOPICAL TERM
Topical term or geographic name entry element Novela juvenil
General subdivision ficción
9 (RLIN) 1540
650 14 - SUBJECT ADDED ENTRY--TOPICAL TERM
Topical term or geographic name entry element Suspenso
General subdivision novela juvenil
9 (RLIN) 1541
700 1# - ADDED ENTRY--PERSONAL NAME
Personal name Erdman, Roxanna,
Relator term traductora
9 (RLIN) 1542
942 ## - ADDED ENTRY ELEMENTS (KOHA)
Source of classification or shelving scheme Dewey Decimal Classification
Koha item type Books
Existencias
Withdrawn status Lost status Source of classification or shelving scheme Damaged status Not for loan Collection code Home library Current library Date acquired Source of acquisition Cost, normal purchase price Total Checkouts Total Renewals Full call number Barcode Date last seen Date last checked out Copy number Price effective from Koha item type
    Dewey Decimal Classification     Fiction Biblioteca Pública José María del Castillo y Rada Biblioteca Pública José María del Castillo y Rada 02/25/2019 Donación 0.00 21 17 J-N CARb 201809407 11/18/2025 10/08/2025 Ej.1 11/28/2019 Books